000
00293nam a22000977a 4500
082
_a
05657.3PUM
100
_a
FUMBUKA A,L G
245
_a
study guide for advanced consolidated accounts monograph
260
_a
Dar es salaam
_b
national board of accountants and auditors Tanzania
_c
1989
942
_c
BK
999
_c
18875
_d
18875